One-Word Stephen King Titles Quiz Stats

Quiz Updated Jun 24, 2015

Challenge
Share
Tweet
Embed
Score 0/16 Timer 04:00
3 Plays Today
Year Title % Correct
1986IT
76.4%
1974Carrie
75.8%
1981Cujo
67.6%
1983Christine
46.4%
1987Misery
44.4%
1984 (as Bachman)Thinner
31.3%
1980Firestarter
25%
2006Cell
24.6%
Year Title % Correct
2014Revival
20%
1996Desperation
19.3%
2001Dreamcatcher
17.5%
1994Insomnia
17.4%
1977 (as Bachman)Rage
17%
2013Joyland
17%
2007 (as Bachman)Blaze
12.8%
1981 (as Bachman)Roadwork
10.5%

You're not logged in!

Compare scores with friends on all Sporcle quizzes.
Join for Free
OR
Log In

You Might Also Like...

Show Comments

Extras

Top Quizzes Today


Score Distribution

Your Account Isn't Verified!

In order to create a playlist on Sporcle, you need to verify the email address you used during registration. Go to your Sporcle Settings to finish the process.

Report this User

Report this user for behavior that violates our Community Guidelines.

Details: